Tribhuvan University Central Library

दलित मानव मर्यादाका व्यक्तित्वहरुः (Record no. 87865)

MARC details
000 -LEADER
fixed length control field 00553nam a22001697a 4500
008 - FIXED-LENGTH DATA ELEMENTS--GENERAL INFORMATION
fixed length control field 191217b xxu||||| |||| 00| 0 eng d
020 ## - INTERNATIONAL STANDARD BOOK NUMBER
International Standard Book Number 9789937287265
041 ## - LANGUAGE CODE
Language code of text/sound track or separate title Nep.
082 ## - DEWEY DECIMAL CLASSIFICATION NUMBER
Classification number N920/D667d
100 ## - MAIN ENTRY--PERSONAL NAME
Personal name Dayal, Puran Singh
241 ## - ROMANIZED TITLE (BK AM CF MP MU VM)
Romanized title Dalit manav maryadaka bektitwaharoo bhag:1
245 ## - TITLE STATEMENT
Title दलित मानव मर्यादाका व्यक्तित्वहरुः
Remainder of title भाग १
260 ## - PUBLICATION, DISTRIBUTION, ETC.
Place of publication, distribution, etc. Baitadi:
Name of publisher, distributor, etc. Dalit Samaj Vikash Mancha,
Date of publication, distribution, etc. 2071 B.S.
300 ## - PHYSICAL DESCRIPTION
Extent 208p.;illus.
650 ## - SUBJECT ADDED ENTRY--TOPICAL TERM
Topical term or geographic name entry element Biography
942 ## - ADDED ENTRY ELEMENTS (KOHA)
Source of classification or shelving scheme Dewey Decimal Classification
Koha item type ISBN
Holdings
Withdrawn status Lost status Source of classification or shelving scheme Damaged status Not for loan Home library Current library Date acquired Total Checkouts Full call number Barcode Date last seen Price effective from Koha item type
    Dewey Decimal Classification     Tribhuvan University Central Library Tribhuvan University Central Library 12/17/2019   N920/D667d IS11351 12/17/2019 12/17/2019 ISBN
    Dewey Decimal Classification     Tribhuvan University Central Library Tribhuvan University Central Library 01/09/2020   N920/D667d IS13222 01/09/2020 01/09/2020 ISBN